000 00812nam a22002177a 4500
003 OSt
005 20260128093811.0
008 230606b ||||| |||| 00| 0 eng d
040 _cSSBUL
041 _ashan
082 _223
_a294.3443
100 0 _aသုဝရ(မၢဝ်းၶမ်း)၊
_cၸဝ်ႈသြႃႇ။
_924352
245 1 0 _aပပ်ႉထမ်းၵႅဝ်ႈ(မၢႆ-5) /
_cၸဝ်ႈသြႃႇသုဝရ(မၢဝ်းၶမ်း)။
260 _aတူၼ်ႈတီး၊
_bဢွင်ႇပၢၼ်းၽိဝ်ႇ၊
_c2015 ။
300 _a(ၺ)၊ 328 ၼႃႈ၊
_c21 ၸိၼ်ႇတီႇ။
500 _a S-SAT: Dr. Prof Sai Aung Tun
650 _aတြႃးၽြႃးပဵၼ်ၸဝ်ႈ
942 _cBK
942 _2ddc
942 _2ddc
999 _c25292
_d25292